Statistics for All Casanova Songs

Click here to take the quiz!

General Stats

  • This quiz has been taken 4 times
  • The average score is 14 of 37

Answer Stats

AlbumSong% Correct
Single #32AM
100%
Single #6Stress
100%
Single #5D&D
67%
SingleDon't Run
67%
Be Safe ThoCasanova
33%
CommissaryCatch a Body
33%
Be Safe ThoCome Thru
33%
Behind These ScarsComing Home
33%
Behind These ScarsCould've Been Somethin'
33%
Be Safe ThoDecline
33%
Single #8Don't Play Games
33%
CommissaryDown B***h
33%
Single #4Forged in Steel
33%
Single #2Go BestFriend
33%
CommissaryGo BestFriend 2.0
33%
CommissaryGripped Up
33%
Behind These ScarsIn My Hood
33%
Behind These ScarsJail Call
33%
Behind These ScarsKnock Knock
33%
CommissaryLeft, Right
33%
Be Safe ThoLine Me
33%
Behind These ScarsLive
33%
Be Safe ThoMan Down
33%
Be Safe ThoOHB
33%
CommissaryRed Dot
33%
Single #7Red Light
33%
Be Safe ThoRIP Rollie
33%
CommissarySet Trippin
33%
Behind These ScarsSo Brooklyn
33%
Behind These ScarsSo Drippy
33%
Behind These ScarsStay Wit It
33%
Be Safe ThoStick and Move
33%
Be Safe ThoTax Letter
33%
Be Safe ThoThat One
33%
Be Safe ThoThe Old 50
33%
CommissaryWhy You Lie?
33%
Behind These ScarsWoah
33%

Score Distribution

Percentile by Number Answered

Percent of People with Each Score

Your Score History

You have not taken this quiz